[Event "Fide Mercenarios 1st"]
[Site "Mexico City"]
[Date "1994.??.??"]
[Round "11"]
[White "Carranza Torres, Zirat"]
[Black "Guevara, Mario"]
[Result "1-0"]
[WhiteElo "2140"]
[BlackElo "2265"]
[PlyCount "59"]
[EventDate "1994.??.??"]
[EventType "tourn"]
[EventRounds "11"]
[EventCountry "MEX"]
[SourceTitle "EXT 2000"]
[Source "ChessBase"]
[SourceDate "1999.11.16"]
[SourceVersion "1"]
[SourceVersionDate "1999.11.16"]
[SourceQuality "1"]

1. e4 c5 2. c3 d5 3. exd5 Qxd5 4. d4 Nf6 5. Nf3 g6 6. Be2 Bg7 7. 0-0 0-0 8. Be3 Ng4 9. Nbd2 cxd4 10. Nxd4 Nxe3 11. fxe3 Qg5 12. Rf3 e5 13. Nb5 Qe7 14. Ne4 Be6 15. Qd6 Qxd6 16. Nexd6 Nd7 17. Nc7 e4 18. Nxe4 Bg4 19. Nxa8 Bxf3 20. gxf3 Rxa8 21. Nd6 Nc5 22. Bc4 Kf8 23. Nxf7 Na6 24. Rb1 Rc8 25. Bb3 Nc5 26. Ng5 h6 27. Nh3 Rd8 28. Nf4 Nxb3 29. Ne6+ Ke7 30. Nxd8 1-0

[Event "Fide Mercenarios 1st"]
[Site "Mexico City"]
[Date "1994.??.??"]
[Round "10"]
[White "De Winter, Willy"]
[Black "Carranza Torres, Zirat"]
[Result "1-0"]
[WhiteElo "2175"]
[BlackElo "2140"]
[PlyCount "151"]
[EventDate "1994.??.??"]
[EventType "tourn"]
[EventRounds "11"]
[EventCountry "MEX"]
[SourceTitle "EXT 2000"]
[Source "ChessBase"]
[SourceDate "1999.11.16"]
[SourceVersion "1"]
[SourceVersionDate "1999.11.16"]
[SourceQuality "1"]

1. d4 f5 2. g3 Nf6 3. Bg2 g6 4. Nf3 Bg7 5. 0-0 0-0 6. b3 d6 7. Bb2 c6 8. c4 d5 9. Nc3 e6 10. e3 Ne4 11. Qe2 Nd7 12. Rad1 Ndf6 13. Ne5 Qc7 14. Rc1 Nxc3 15. Bxc3 Ne4 16. Bb2 Qe7 17. Rc2 Bd7 18. f3 Nf6 19. Nd3 Rac8 20. Bc3 Rfe8 21. Bb4 Qd8 22. Bc3 b6 23. Ne5 Rf8 24. Rfc1 dxc4 25. bxc4 c5 26. Rd2 Qc7 27. dxc5 bxc5 28. Nxd7 Nxd7 29. Qd1 Rcd8 30. f4 Nb6 31. Bxg7 Kxg7 32. Rcc2 Rxd2 33. Rxd2 Rf7 34. Kf2 Rd7 35. Ke2 Kf7 36. Rxd7+ Nxd7 37. e4 Qb7 38. Ke3 Nf6 39. Qc2 Ng4+ 40. Ke2 Nxh2 41. Qc3 Qb8 42. Qd2 Qb7 43. Qc3 Qa6 44. Qb3 Qb6 45. Qc3 Ng4 46. Qh8 Nf6 47. e5 Qb2+ 48. Kd1 Qb1+ 49. Kd2 Qxa2+ 50. Kc3 Ne8 51. Qxh7+ Ng7 52. Qh1 Qa3+ 53. Kc2 Qxg3 54. Ba8 Qxf4 55. Qb7+ Kg8 56. Qc8+ Kh7 57. Qxc5 g5 58. Kb3 g4 59. Qd6 Qe3+ 60. Ka4 f4 61. c5 f3 62. Qe7 Qxe5 63. Qh4+ Qh5 64. Be4+ Kg8 65. Qxh5 Nxh5 66. c6 f2 67. Bg2 Nf4 68. c7 Nxg2 69. c8Q+ Kf7 70. Qb7+ Kf6 71. Qxg2 g3 72. Qf3+ Ke7 73. Kb5 a5 74. Kxa5 e5 75. Kb5 Kd6 76. Kc4 1-0

[Event "Fide Mercenarios 1st"]
[Site "Mexico City"]
[Date "1994.??.??"]
[Round "1"]
[White "Pla, Silvio"]
[Black "Carranza Torres, Zirat"]
[Result "1-0"]
[WhiteElo "2240"]
[BlackElo "2140"]
[PlyCount "57"]
[EventDate "1994.??.??"]
[EventType "tourn"]
[EventRounds "11"]
[EventCountry "MEX"]
[SourceTitle "EXT 2000"]
[Source "ChessBase"]
[SourceDate "1999.11.16"]
[SourceVersion "1"]
[SourceVersionDate "1999.11.16"]
[SourceQuality "1"]

1. c4 f5 2. Nc3 Nf6 3. g3 e5 4. d3 c6 5. Nf3 d6 6. Bg2 Be7 7. 0-0 0-0 8. b4 Na6 9. Rb1 Nc7 10. b5 Ne6 11. bxc6 bxc6 12. Nh4 Ne4 13. dxe4 Bxh4 14. exf5 Nd4 15. e3 Bxf5 16. exd4 Bxb1 17. Nxb1 Bf6 18. dxe5 Bxe5 19. Bxc6 Rb8 20. Bd5+ Kh8 21. Nd2 Qa5 22. Ne4 Qxa2 23. Qh5 g6 24. Qh4 Qa4 25. Bh6 Rf5 26. Ng5 Qe8 27. Bg7+ Kxg7 28. Qxh7+ Kf6 29. Ne4# 1-0